[Event "Begonia op 55th"]
[Site "Ballarat"]
[Date "2021.03.06"]
[Round "2"]
[White "Tan, Justin Hy"]
[Black "Lekkas, Frank"]
[Result "1-0"]
[WhiteElo "2496"]
[BlackElo "2011"]
[PlyCount "55"]
[EventDate "2021.03.06"]
[EventType "swiss"]
[EventRounds "7"]
[EventCountry "AUS"]
[SourceTitle "CBM 201 Extra"]
[Source "ChessBase"]
[SourceDate "2021.05.31"]
[SourceVersion "1"]
[SourceVersionDate "2021.05.31"]
[SourceQuality "1"]

1. e4 c5 2. Nf3 e6 3. c3 Nf6 4. e5 Nd5 5. d4 cxd4 6. cxd4 Nc6 7. Bc4 Nb6 8. Bd3 Nb4 9. Be2 d6 10. a3 Nc6 11. exd6 Bxd6 12. Nc3 0-0 13. 0-0 Ne7 14. Bd3 Ng6 15. Re1 Bd7 16. Ng5 Be7 17. Qh5 Bxg5 18. Bxg5 Qc8 19. Rac1 Bc6 20. Re3 Qd7 21. Rh3 f5 22. Qxh7+ Kf7 23. Rh6 Nh8 24. Rf6+ Ke8 25. Rxf8+ Kxf8 26. Qxh8+ Kf7 27. Qh5+ Kg8 28. Rd1 1-0

[Event "Victoria op"]
[Site "Melbourne"]
[Date "2018.06.09"]
[Round "2"]
[White "Lekkas, Frank"]
[Black "Zafirakos, Jesse"]
[Result "1-0"]
[WhiteElo "2051"]
[BlackElo "1611"]
[PlyCount "39"]
[EventDate "2018.06.08"]
[EventType "swiss"]
[EventRounds "7"]
[EventCountry "AUS"]
[SourceTitle "CBM 184 Extra"]
[Source "ChessBase"]
[SourceDate "2018.06.28"]
[SourceVersion "1"]
[SourceVersionDate "2018.06.28"]
[SourceQuality "1"]

1. e4 e5 2. Nf3 Nc6 3. Bc4 Bc5 4. c3 Nf6 5. d3 a6 6. h3 h6 7. Bb3 d6 8. Nbd2 0-0 9. Nf1 Ne7 10. g4 Ng6 11. Ng3 Nh7 12. Nf5 Ng5 13. h4 Nxf3+ 14. Qxf3 Be6 15. g5 Bxb3 16. axb3 hxg5 17. hxg5 f6 18. Qh5 Qe8 19. Nxg7 Bxf2+ 20. Kd1 1-0

[Event "Begonia op 52nd"]
[Site "Ballarat"]
[Date "2018.03.12"]
[Round "6"]
[White "Lekkas, Frank"]
[Black "Johansen, Darryl Keith"]
[Result "1/2-1/2"]
[WhiteElo "2042"]
[BlackElo "2354"]
[PlyCount "82"]
[EventDate "2018.03.10"]
[EventType "swiss"]
[EventRounds "7"]
[EventCountry "AUS"]
[SourceTitle "CBM 183 Extra"]
[Source "ChessBase"]
[SourceDate "2018.04.19"]
[SourceVersion "1"]
[SourceVersionDate "2018.04.19"]
[SourceQuality "1"]

1. e4 c5 2. Nf3 d6 3. d4 cxd4 4. Nxd4 Nf6 5. Nc3 Nc6 6. Bc4 e6 7. Bb3 Be7 8. Be3 0-0 9. Qe2 a6 10. 0-0-0 Nd7 11. Kb1 Qe8 12. g4 Nc5 13. Rhg1 Bd7 14. Nf5 exf5 15. gxf5 Kh8 16. Nd5 Bd8 17. Qg4 g6 18. f3 Nxb3 19. axb3 Rg8 20. Qg3 Qf8 21. f6 Be6 22. Qh4 Ne5 23. Rg3 g5 24. Bxg5 Rxg5 25. Qxg5 Ng6 26. f4 h6 27. Qh5 Bxd5 28. Qxd5 Bxf6 29. Qxd6 Bg7 30. Qxf8+ Rxf8 31. Rd7 Nxf4 32. Rf3 Be5 33. Re7 f6 34. Rxb7 Rd8 35. Rg3 Rd1+ 36. Ka2 Rd2 37. Rgg7 Rxc2 38. Rh7+ Kg8 39. Rhe7 Rc8 40. Rg7+ Kh8 41. Rh7+ Kg8 1/2-1/2

[Event "Begonia op 52nd"]
[Site "Ballarat"]
[Date "2018.03.11"]
[Round "4"]
[White "Lekkas, Frank"]
[Black "Mann, Anthony"]
[Result "1-0"]
[WhiteElo "2042"]
[BlackElo "1718"]
[PlyCount "53"]
[EventDate "2018.03.10"]
[EventType "swiss"]
[EventRounds "7"]
[EventCountry "AUS"]
[SourceTitle "EXT 2019"]
[Source "ChessBase"]
[SourceDate "2018.10.10"]
[SourceVersion "1"]
[SourceVersionDate "2018.10.10"]
[SourceQuality "1"]

1. f4 d5 2. Nf3 Bf5 3. b3 Nf6 4. Bb2 c5 5. e3 Nc6 6. Bb5 a6 7. Bxc6+ bxc6 8. Ne5 Qc7 9. d3 h6 10. 0-0 e6 11. Nd2 Be7 12. Qe2 0-0 13. g4 Bh7 14. Kh1 Nd7 15. Nxd7 Qxd7 16. h4 Bxh4 17. g5 hxg5 18. Qh2 gxf4 19. Qxh4 fxe3 20. Rf3 d4 21. Rh3 Qd5+ 22. Ne4 Qf5 23. Rg1 f6 24. Nd6 Qd5+ 25. Rg2 Qxd6 26. Rxg7+ Kxg7 27. Qxh7# 1-0

[Event "Oceania zt"]
[Site "Nadi"]
[Date "2013.05.07"]
[Round "5"]
[White "Lekkas, Frank"]
[Black "Fancy, Stuart"]
[Result "1-0"]
[WhiteElo "2045"]
[BlackElo "2091"]
[PlyCount "31"]
[EventDate "2013.05.05"]
[EventType "swiss"]
[EventRounds "9"]
[EventCountry "FIJ"]
[SourceTitle "CBM 154 Extra"]
[Source "ChessBase"]
[SourceDate "2013.06.25"]
[SourceVersion "2"]
[SourceVersionDate "2013.06.25"]
[SourceQuality "1"]

1. e4 c5 2. Nf3 e6 3. d3 b6 4. g3 Bb7 5. Bg2 d5 6. Nbd2 Nf6 7. 0-0 dxe4 8. dxe4 Nxe4 9. Ne5 Nd6 10. Bxb7 Nxb7 11. Nxf7 Kxf7 12. Qf3+ Ke8 13. Qxb7 Qd5 14. Qc7 Na6 15. Qf4 Bd6 16. Qa4+ 1-0

[Event "Oceania zt"]
[Site "Nadi"]
[Date "2013.05.06"]
[Round "3"]
[White "Lekkas, Frank"]
[Black "Egan, Bill"]
[Result "1-0"]
[WhiteElo "2045"]
[BlackElo "1719"]
[PlyCount "63"]
[EventDate "2013.05.05"]
[EventType "swiss"]
[EventRounds "9"]
[EventCountry "FIJ"]
[SourceTitle "CBM 154 Extra"]
[Source "ChessBase"]
[SourceDate "2013.06.25"]
[SourceVersion "2"]
[SourceVersionDate "2013.06.25"]
[SourceQuality "1"]

1. e4 e6 2. d4 d5 3. Nc3 dxe4 4. Nxe4 Bd7 5. Nf3 Bc6 6. Bd3 Bxe4 7. Bxe4 c6 8. Bd2 Nd7 9. c4 Ngf6 10. Bc2 Be7 11. Bc3 Qb6 12. 0-0 h6 13. a3 0-0 14. Ne5 Nxe5 15. dxe5 Rad8 16. Qe2 Nd7 17. Qe4 g6 18. b4 Kg7 19. h4 Rg8 20. Rfe1 Kf8 21. Rad1 Ke8 22. Rd3 Nf8 23. Red1 Rd7 24. Bd4 Qc7 25. Bxa7 b6 26. Ba4 b5 27. cxb5 Rxd3 28. Rxd3 Qxa7 29. Qxc6+ Nd7 30. b6 Qb8 31. Rxd7 Kf8 32. Qc7 1-0

[Event "Oceania zt"]
[Site "Nadi"]
[Date "2013.05.06"]
[Round "4"]
[White "Safarian, Alek"]
[Black "Lekkas, Frank"]
[Result "1-0"]
[WhiteElo "2011"]
[BlackElo "2045"]
[PlyCount "57"]
[EventDate "2013.05.05"]
[EventType "swiss"]
[EventRounds "9"]
[EventCountry "FIJ"]
[SourceTitle "CBM 154 Extra"]
[Source "ChessBase"]
[SourceDate "2013.06.25"]
[SourceVersion "2"]
[SourceVersionDate "2013.06.25"]
[SourceQuality "1"]

1. d4 Nf6 2. c4 c5 3. d5 b5 4. cxb5 a6 5. f3 g6 6. e4 Bg7 7. Nc3 0-0 8. Be3 d6 9. a4 Nbd7 10. Rb1 Qa5 11. Qd2 Re8 12. b3 e6 13. dxe6 fxe6 14. bxa6 d5 15. Nb5 Qd8 16. Nd6 Rf8 17. Nxc8 Qxc8 18. Bb5 Rxa6 19. Bxa6 Qxa6 20. Ne2 dxe4 21. 0-0 Nd5 22. fxe4 Nxe3 23. Rxf8+ Kxf8 24. Qxe3 Kg8 25. Qd2 Qc6 26. Re1 Nf6 27. Qd8+ Kf7 28. e5 Nd5 29. Rf1+ 1-0

[Event "AUS-ch Reserves"]
[Site "Geelong"]
[Date "2012.01.04"]
[Round "8"]
[White "Lekkas, Frank"]
[Black "Chew Lee, Max"]
[Result "1-0"]
[WhiteElo "1965"]
[BlackElo "1664"]
[PlyCount "95"]
[EventDate "2011.12.27"]
[EventType "swiss"]
[EventRounds "11"]
[EventCountry "AUS"]
[SourceTitle "EXT 2023"]
[Source "ChessBase"]
[SourceDate "2022.10.05"]
[SourceVersion "1"]
[SourceVersionDate "2022.10.05"]
[SourceQuality "1"]

1. e4 e6 2. d4 d5 3. Nd2 dxe4 4. Nxe4 Bd7 5. Nf3 Bc6 6. Ng3 Bxf3 7. Qxf3 c6 8. Be3 Nd7 9. Bd3 Ngf6 10. 0-0-0 Qa5 11. Kb1 Bd6 12. c4 0-0-0 13. Rc1 Rhe8 14. Rhd1 c5 15. Ne4 Be7 16. Ng5 Rf8 17. Bd2 Qb6 18. dxc5 Bxc5 19. Bf4 h6 20. Ne4 Nxe4 21. Bxe4 e5 22. Bg3 Bd4 23. Rc2 g6 24. Bd5 f5 25. h4 Nc5 26. Qe2 Rde8 27. f3 Ne6 28. Rd3 Nc5 29. Rd1 Ne6 30. Qd2 Nc7 31. c5 Bxc5 32. Rdc1 Bd6 33. Bf2 Qb5 34. Bxb7+ Qxb7 35. Qxd6 Rf7 36. Qxg6 Qd5 37. Rxc7+ Rxc7 38. Qxe8+ Kb7 39. Rxc7+ Kxc7 40. Qa4 Kd8 41. Kc1 Qb7 42. Qxa7 Qd5 43. Bb6+ Ke8 44. Qb8+ Kf7 45. Qc7+ Kg6 46. Qc8 Qxa2 47. h5+ Kxh5 48. Qxf5+ 1-0

[Event "AUS-ch Reserves"]
[Site "Geelong"]
[Date "2012.01.02"]
[Round "6"]
[White "Lekkas, Frank"]
[Black "Raine, Marcus"]
[Result "1-0"]
[WhiteElo "1965"]
[BlackElo "2038"]
[PlyCount "143"]
[EventDate "2011.12.27"]
[EventType "swiss"]
[EventRounds "11"]
[EventCountry "AUS"]
[SourceTitle "EXT 2023"]
[Source "ChessBase"]
[SourceDate "2022.10.05"]
[SourceVersion "1"]
[SourceVersionDate "2022.10.05"]
[SourceQuality "1"]

1. e4 e5 2. Nf3 Nc6 3. Bc4 Bc5 4. c3 Nf6 5. d3 d6 6. h3 a6 7. Bb3 Bb6 8. Nbd2 Be6 9. Bc2 h6 10. Nf1 Ne7 11. Ng3 Ng6 12. Qe2 Qe7 13. a4 a5 14. Nh2 Nf4 15. Qf3 g5 16. Ng4 0-0-0 17. Be3 h5 18. Nxf6 g4 19. hxg4 hxg4 20. Nxg4 Rxh1+ 21. Nxh1 Qh4 22. g3 Bxg4 23. gxh4 Bxf3 24. Bxb6 cxb6 25. Kd2 Ng6 26. Bb3 Rf8 27. h5 Bxh5 28. Ng3 Bg4 29. Rh1 Nf4 30. Rh7 Be6 31. Bc4 d5 32. exd5 Bxd5 33. Nf5 Kd7 34. Ne3 Be6 35. Rh6 Kc6 36. Bxe6 Nxe6 37. Nc4 b5 38. axb5+ Kxb5 39. Nxe5 Nc5 40. Rf6 a4 41. Rxf7 Rh8 42. Rf4 Re8 43. Rb4+ Ka5 44. d4 Nb3+ 45. Ke3 b5 46. Kf4 Rf8+ 47. Kg3 Rg8+ 48. Kh4 Rf8 49. f3 Rh8+ 50. Kg3 Rg8+ 51. Kf2 Rh8 52. Ke3 Re8 53. Ke4 Na1 54. Kd3 Rh8 55. d5 Rh5 56. f4 Rh3+ 57. Ke4 Nc2 58. Rd4 Re3+ 59. Kf5 Nxd4+ 60. cxd4 Re2 61. d6 Kb6 62. d7 Kc7 63. Ke6 Rd2 64. d5 b4 65. f5 Re2 66. d6+ Kd8 67. f6 Rxe5+ 68. Kxe5 Kxd7 69. f7 a3 70. bxa3 bxa3 71. f8Q a2 72. Qf7+ 1-0